Glass glossary

Es un glosario en inglš que contiene las definiciones de algunos třminos frecuentemente empleados en el mundo del vidrio y su fabricacin̤.

Uloženo v:
Podrobná bibliografie
Další autoři: Glass Alchemy Ltd
Médium: Kniha
Jazyk:angličtina
Témata:
On-line přístup:Glass glossary
Tagy: Přidat tag
Žádné tagy, Buďte první, kdo vytvoří štítek k tomuto záznamu!

MARC

LEADER 00000nam a22000004a 4500
001 vpro2320
005 20201223000000.0
008 120830s2007 ck # g## #001 0#eng#d
020
022
040 |a CO-BoINGC 
041 0 |a eng 
245 1 0 |a Glass glossary 
246 |a Glosario del vidrio 
264 |a Bogot ̀(Colombia) :  |b Revista VirtualPRO,  |c 2007 
520 3 |a Es un glosario en inglš que contiene las definiciones de algunos třminos frecuentemente empleados en el mundo del vidrio y su fabricacin̤. 
650 \ \ |a Cerm̀ica industrial 
650 \ \ |a Industria del vidrio - Glosario 
650 \ \ |a Fabricacin̤ del vidrio 
650 \ \ |a Ceramics 
650 \ \ |a Glass industry - Glossary 
650 \ \ |a Glass manufacture 
650 \ \ |a Tipos de vidrio 
650 \ \ |a Types of glass 
700 \ \ |a Glass Alchemy Ltd 
856 |z Glass glossary  |u https://virtualpro.unach.elogim.com/biblioteca/glosario-del-vidrio